01002nam a2200265 a 450000100100000000500170001000800410002704000250006808200230009310000510011624500750016725000110024226000350025330000210028849000450030950400740035450000330042865000290046165000310049083000550052191000070057604900090058395201270059299900170071900002005820200929170240.0100719s1959 sp 001 p spa d aDO-SdBNPbspacBNPHU a861.6bC836t, 19591 aCossío, José María de,d1892-197794262614aLos toros en la poesía :bantología /cJosé María de Cossío. a3a ed. aMadrid :bEspasa-Calpe,c1959. a163 p. ;c18 cm.1 aAustral. Violeta: teatro y poesíav490 aIncluye referencias bibliográficas y notas al pie de las páginas. aIncluye índice de autores. 4aPoesía española9631 4aLiteratura española9632 0aAustral.pVioleta: teatro y poesía ;v490939559 aWM aBNGR 001054708MOaGRbGRcHDd2010-07-19iLF1l0o861.6 C836t, 1959p20058-10r2020-06-25w2020-06-25y4ZPréstamo en sala c19566d19566